Normal view
MARC view
- MAAZ ANWAR MOHAMMAD MUJTABA MUHAMMAD AMIN
Entry Personal Name
001 - CONTROL NUMBER
- control field: 70605
003 - CONTROL NUMBER IDENTIFIER
- control field: NUST
005 - DATE AND TIME OF LATEST TRANSACTION
- control field: 20210628204526.0
008 - FIXED-LENGTH DATA ELEMENTS
- fixed length control field: 210628|| aca||aabn | a|a d
040 ## - CATALOGING SOURCE
- Original cataloging agency: NUST
- Transcribing agency: NUST
100 ## - HEADING--PERSONAL NAME
- Personal name: MAAZ ANWAR MOHAMMAD MUJTABA MUHAMMAD AMIN
670 ## - SOURCE DATA FOUND
- Source citation: Work cat.: (NUST): MAAZ ANWAR MOHAMMAD MUJTABA MUHAMMAD AMIN , PR-SOF-1820-DESIGN AND FABRICATION OF A PORTABLE MOBILITY SCOOTER, 2019
